Perspektívy prijatia eura vo vybranom štáte V4 bakalárska práca

Uložené v:
Podrobná bibliografia
Hlavný autor: Menyhárt, Gábor
Korporativný autor: Fakulta medzinárodných vzťahov EU. Katedra medzinárodných ekonomických vzťahov a hospodárskej diplomacie
Ďalší autori: Držka, Michal, 1989-
Médium: Kniha
Jazyk:Slovak
Vydavateľské údaje: Bratislava 2015
Tagy: Pridať tag
Žiadne tagy, Buďte prvý, kto otaguje tento záznam!

MARC

LEADER 00000nbm a2200000 4500
001 0202656
005 20161212100302.0
041 0 |a slo 
044 |a SK 
245 1 0 |a Perspektívy prijatia eura vo vybranom štáte V4  |b bakalárska práca  |c Gábor Menyhárt ; školiteľ: Michal Držka 
264 1 |a Bratislava  |c 2015 
300 |a 39 s. 
100 1 |a Menyhárt, Gábor 
700 1 |a Držka, Michal, 1989- 
710 2 |a Fakulta medzinárodných vzťahov EU. Katedra medzinárodných ekonomických vzťahov a hospodárskej diplomacie